[Event "US op 124th"]
[Site "Norfolk"]
[Date "2024.07.30"]
[Round "4"]
[White "Chetlapalli, Vishnu"]
[Black "Zhao, Kevin1"]
[Result "0-1"]
[WhiteElo "1827"]
[BlackElo "1850"]
[PlyCount "90"]
[EventDate "2024.07.27"]
[EventType "swiss"]
[EventRounds "9"]
[EventCountry "USA"]
[SourceTitle "EXT 2025"]
[Source "ChessBase"]
[SourceDate "2024.10.14"]
[SourceVersion "1"]
[SourceVersionDate "2024.10.14"]
[SourceQuality "1"]

1. e4 e5 2. Nf3 Nc6 3. Bc4 Bc5 4. 0-0 Nf6 5. d3 0-0 6. Bg5 h6 7. Bh4 g5 8. Bg3 d6 9. h3 Na5 10. Nbd2 Nh5 11. Bh2 Nf4 12. Bxf4 gxf4 13. c3 Nxc4 14. Nxc4 Be6 15. Ncd2 Qf6 16. Kh2 a5 17. Nb3 Bb6 18. Qd2 Kh7 19. g3 Rg8 20. gxf4 Qg6 21. Nh4 Qh5 22. Nf5 Bxf5 23. exf5 Qf3 24. Rg1 Bxf2 25. Rg4 Rxg4 26. Qe3 Rg2+ 27. Kh1 Bxe3 28. Rf1 Rg1+ 29. Kh2 Qxf1 30. Nd4 Rh1+ 31. Kg3 Rg8+ 32. Kh4 Qxf4+ 33. Kh5 exd4 34. f6 Qf5+ 35. Kh4 dxc3 36. d4 Bg5+ 37. Kh5 c2 38. h4 c1N 39. d5 Ne2 40. b3 Nd4 41. a3 Qf4 42. b4 Nf5 43. b5 b6 44. a4 Rg7 45. fxg7 Nxg7# 0-1